00461nam a22001457a 450000500170000001000150001702000260003203500140005803700130007208200080008524501140009326000370020727000520024430000190029620220225152902.0 aENG-131814 a9789389795950c499.00 aEN-115346 bDBAD/PUB a000 aCentral Teacher Eligibility Test Comprehensive Guide:bClass VI-VIII Paper II Social Studies, Social Science/ aNew DelhibDreamtech Pressc2020 bNew Delhia19-A, Ansari Road, Daryaganje110002 avp.c27cm(pbk)